Adobe Acrobat 6.0 Professional : Oficiální výukový kurz

Gespeichert in:
Bibliographische Detailangaben
Format: Buch
Sprache:Tschechisch
Veröffentlicht: Praha : SoftPress, 2004
Tags: Tag hinzufügen
Keine Tags, Fügen Sie das erste Tag hinzu!

MARC

LEADER 00000nam a22000003a 4500
001 stu99972
005 20150408182137.6
008 051216s2004----xr------------------cze-d
020 |a 80-86497-74-7 
040 |a STU  |b slo 
041 0 |a cze 
044 |a xr 
080 |a 004.42 
245 |a Adobe Acrobat 6.0 Professional :  |b Oficiální výukový kurz 
260 |a Praha :  |b SoftPress,  |c 2004 
300 |a 544 s.;obr 
500 |a prel. z angl.jaz. 
996 |b 284V017495  |c V*49021/O-21575  |l VVS  |s A  |a 24  |w stu99972_0001